LEADER 01147nam0-2200373---450- 001 990002895490203316 005 20070403150943.0 010 $a88-420-4183-1 035 $a000289549 035 $aUSA01000289549 035 $a(ALEPH)000289549USA01 035 $a000289549 100 $a20070403d1993----km|y0itay50------ba 101 0 $aita 102 $aIT 105 $ay|||z|||001yy 200 1 $a<> Vaticano e Mosca, 1940-1990$fAndrea Riccardi 210 $aRoma [etc.]$cLaterza$d1993 215 $aXVI, 390 p.$d21 cm 225 2 $aBiblioteca universale Laterza$v395 410 1$12001$aBiblioteca universale Laterza$v395 517 1 $a<> Vaticano e Mosca 606 0 $aSanta sede$xRelazioni con l'Unione sovietica$z1940-1990 676 $a327.45634047 700 1$aRICCARDI,$bAndrea$f<1950- >$0139518 801 0$aIT$bsalbc$gISBD 912 $a990002895490203316 951 $aX.3.B. 4105$b52701 G.$cX.3.B.$d00129476 959 $aBK 969 $aUMA 979 $aANNAMARIA$b90$c20070403$lUSA01$h1509 979 $aANNAMARIA$b90$c20120327$lUSA01$h1255 996 $aVaticano e Mosca, 1940-1990$976388 997 $aUNISA